Proces horizontálneho vyrovnávania ako fungujúci systém vyrovnávania regionálnych disparít

Analýza a popis finančného vyrovnávania vo svetle vyrovnávania regionálnych rozdielov. Finančné vyrovnávanie ako súčasť rozpočtových pravidiel vo väčšine európskych krajín. Opodstatnenosť využitia systému horizontálneho finančného vyrovnávania. Fiškálna decentralizácia a regionálne disparity.

Gespeichert in:
Bibliographische Detailangaben
1. Verfasser: Neupauerová, Zuzana
Weitere Verfasser: Baláži, Peter
Format: Buchkapitel
Sprache:Slowakisch
Schlagworte:
Tags: Tag hinzufügen
Keine Tags, Fügen Sie das erste Tag hinzu!

MARC

LEADER 00000nla a2200000 4500
001 0152729
005 20240502083347.8
041 0 |a slo 
044 |a CZ 
245 1 0 |a Proces horizontálneho vyrovnávania ako fungujúci systém vyrovnávania regionálnych disparít  |c Zuzana Neupauerová, Peter Baláži 
520 |a Analýza a popis finančného vyrovnávania vo svetle vyrovnávania regionálnych rozdielov. Finančné vyrovnávanie ako súčasť rozpočtových pravidiel vo väčšine európskych krajín. Opodstatnenosť využitia systému horizontálneho finančného vyrovnávania. Fiškálna decentralizácia a regionálne disparity. 
610 2 0 |a rozvoj regionálny 
610 2 0 |a decentralizácia fiškálna 
610 2 0 |a financie 
610 2 0 |a služby 
610 2 0 |a regióny 
610 2 0 |a kraje 
610 2 0 |a správa verejná 
610 2 0 |a dane miestne 
100 1 |a Neupauerová, Zuzana 
700 1 |a Baláži, Peter